000 00705nam a2200289Ia 4500
005 20260324143549.0
008 008 260324s9999 xx 000 0 eng d
020 _a9781315487977
037 _aEBOOK
040 _aCRL
040 _beng
040 _cCRL
041 _2eng
041 _aeng
084 _qCRL
100 _aWilliam Moskoff; David M Jones
_91216097
245 4 _aThe Great Market Debate in Soviet Economics: An Anthology
245 3 _bAn Anthology
260 _bTaylor and Francis
260 _c1991
365 _a
365 _b145
856 _uhttp://www.taylorfrancis.com/books/9781315487977
942 _cEBOOK
999 _c1821644
_d1821644